| 000 | 01015cam a2200301Mi 4500 | ||
|---|---|---|---|
| 001 | 88867 | ||
| 005 | 20230411090047.0 | ||
| 008 | 060724s2006 fr a f 001 0 fre d | ||
| 035 | _a(OCoLC)ocn452810591 | ||
| 040 |
_aSILIS _eppiak _bslv _cSILIS |
||
| 020 | _a270714794X | ||
| 020 | _a9782707147943 | ||
| 035 | _a(OCoLC)452810591 | ||
| 044 |
_afr _cfra |
||
| 080 | _a001.8 | ||
| 049 | _aGRAL | ||
| 100 | 1 |
_aBeaud, Michel. _4aut |
|
| 245 | 0 | 2 |
_aL'art de la these : _bcomment préparer et raediger un mémoire de master, une these de doctorat ou tout autre travail universitaire a l'ére du Net / _cMichel Beaud ; en collaboration avec Magali Gravier et Alain de Tolédo. |
| 250 | _aEd. révisée, mise a jour et élargie. | ||
| 260 |
_aParis : _bLa Découverte, _c2006. |
||
| 300 |
_a202 str. : _bilustr. ; _c22 cm. |
||
| 504 | _aKazalo. | ||
| 504 | _aBibliografija: str. 194-195. | ||
| 653 | 0 |
_adoktorske disertacije _analoge _apriroécniki |
|
| 942 |
_2lcc _cbk |
||
| 994 |
_aC0 _bDRFGD |
||
| 946 | _aJP | ||
| 999 |
_c111770 _d111770 |
||